000 02376cam a2200637Ii 4500
003 PE-LiUPU
005 20250731170411.0
008 150923s2015 pe b 000 0 spa d
020 _a9789972452987
020 _a9972452980
035 _a(Sirsi) i9789972452987
040 _aPE-LiUPU
_bspa
_cPE-LiUPU
_erda
082 _a175.1
_bP43
_220
100 1 _aPerla Anaya, José,
_d1947-,
_eautor.
245 1 0 _aÉtica de la comunicación televisiva /
_cJosé Perla Anaya.
250 _aPrimera edición.
264 1 _aLima :
_bUniversidad de Lima, Fondo Editorial,
_c2015.
300 _a339 páginas ;
_c25 centímetros.
336 _atext
_btxt
_2rdacontent
337 _aunmediated
_bn
_2rdamedia
338 _avolume
_bnc
_2rdacarrier
490 1 _aColección Investigaciones.
504 _aBibliografía (páginas 295-298).
505 0 _aPrefacio -- Introducción -- Primera parte. La propuesta de autorregulacion ética de la Ley de Radio y Televisión -- Segunda Parte. La experiencia de autorregulación ética de la Sociedad Nacional de Radio y Televisión (SNRTV) -- Tercera parte. La ética de la televisión según algunos protagonistas y observadores -- Epílogo -- Referencias -- Anexos.
526 _aSEG68
526 _aSEG70
526 _aSEG69
526 _aSEG67
526 _aSEG43
526 _aP144
526 _aP143
526 _aP131
526 _aP122
526 _aP120
526 _aP117
526 _aP112
526 _aP110
526 _aP106
526 _aP101
526 _aP80
526 _aP59
526 _aP54
526 _aP35
526 _aP33
526 _aP30
650 0 _aLas emisiones de televisión
_xAspectos éticos y morales
_zPeru.
650 0 _aTelevisión
_xderecho y legislación
_zPeru.
650 7 _aLas emisiones de televisión
_xaspectos éticos y morales
910 _ajck
_bebj
_cebj
_d20160524
942 _2ddc
_cBOOK
949 _a175.1 P43
_wDEWEY
_c1
_i73303
_lCCODEBUL1
_mBUL
_r0
_sY
_tBOOK
_u2016-5-24
_xSALUD
_PP25
_0COMPRA
_o.STAFF. General
994 _aC0
_bPEPRU
596 _a1
999 _a175.1 P43
_wDEWEY
_c9461
_i73303
_d9461
_e2017-6-26
_f2021-11-8
_g5
_lCCODEBUL1
_mBUL
_n1
_q2
_r0
_sY
_tBOOK
_u2016-5-24
_xEDUCACION
_PP25
_0COMPRA
_o.STAFF. General
980 _81
_gALBERTO SANCHEZ Responsable de Automatización